000 00963nam a2200241 a 4500
001 000016131
003 DO-SdBNP
005 20250409123105.0
008 100226s1984 dr 001 0 spa d
040 _aDO-SdBNP
_bspa
_cBNPHU
049 _aBNPD
082 _axxxxx
_bC749m
111 1 _acongreso nacional de derecho del trabajo y de la seguridad social
_n(1 : 9-12 septiembre
_d1989
_cSanto Domingo )
_936125
245 1 0 _aMemorias del I congreso nacional de derecho del trabajo y de la seguridad social :.
260 _aSan Pedro de Macorís, República Dominicana,
_c1984.
300 _a344 p. ;
_c23 cm.
490 1 _aUniversidad Central del Este
_v51
500 _aIncluye referencias bibliográficas y notas al pie de las páginas
710 2 _aAsociación Dominicana de Derecho del Trabajo y de la Seguridad Social
_936126
710 1 _aUniversidad Central del Este
_937229
830 1 _aUniversidad Central del Este
_v51
_923153
942 _2ddc
_cLBS1
999 _c15671
_d15671